000 00541nam a2200181Ia 4500
003 LK-CoDNM
008 010623t1996 xxu||||| |||| 00| 1 sin d
040 _aLK-CoDNM
_dLK-CoDNM
_eLK-CoDNM
041 _asin
080 _a301(572) RAN
100 _aRanjan, G.D Dharma Kirthi Sri
245 _aසමාජ විද්‍යාව සහ මානව විද්‍යාව
246 _aSamaja Vidyawa Saha Manawa Vidyawa
260 _bS.Godage.
_aColombo 10
_c1996
300 _b200p.;21 cm cm
650 _aSociology
942 _cBK
999 _c117937
_d117937